South American savannas : (Registro nro. 8548)

Detalles MARC
000 -CABECERA
Campo de control 00690nam a22002177a 4500
005 - FECHA Y HORA DE LA ULTIMA TRANSACCION
Campo de control 20140711105222.0
008 - ELEMENTOS DE LONGITUD FIJA—INFORMACION GENERAL
Campo de control 140711b1966 -ca||||| |||| 00| 0 eng d
041 ## - IDIOMA
Código de idioma para texto/pista de sonido o título separado Inglés
044 ## - PAÍS DE PUBLICACIÓN
País de publicación Canadá
082 ## - NUMERO DE CLASIFICACION DECIMAL DEWEY
Número de clasificación 561.71
Número del ítem M47s
245 10 - MENCION DE TITULO
Título South American savannas :
Parte restante del título comparative studies Llanos and Guyana
260 ## - PUBLICACION, DISTRIBUCION, ETC. (PIE DE IMPRENTA)
Lugar de publicación, distribución, etc. Montreal
Nombre del editor, distribuidor, etc. McGill University, Dept. of Geography
Fecha de publicación, distribución, etc. 1966
300 ## - DESCRIPCION FISICA
Extensión 52 p.
Dimensiones 28 cm.
490 ## - MENCION DE SERIE
Mención de serie Savanna research series
Designación numérica/secuencial del volumen 5
500 ## - NOTA GENERAL
Nota general Material delicado.
504 ## - NOTA DE BIBLIOGRAFIA, ETC.
Nota de bibliografía Incluye referencias bibliográficas
650 #6 - ASIENTO SECUNDARIO DE MATERIA - TERMINO TEMATICO
Término temático o nombre geográfico como elemento de entrada Palynology
Subdivisión geográfica Amazonía (Región)
651 ## - ASIENTO SECUNDARIO DE MATERIA - NOMBRE GEOGRAFICO
Nombre geográfico Palynology
Subdivisión geográfica Guyana
651 ## - ASIENTO SECUNDARIO DE MATERIA - NOMBRE GEOGRAFICO
Nombre geográfico Grassland ecology
Subdivisión geográfica Guyana
942 ## - ELEMENTOS ADICIONALES (KOHA)
Sistema de clasificación Dewey Decimal Classification
Tipo de ítem Impreso
Existencias
Withdrawn status Lost status Sistema de Clasificación Damaged status No para préstamo Colección Inventariado Ubicación Permanente Ubicación actual Fecha de adquisición Fuente de Valor Valor Total Checkouts Número topográfico Inventario / Código de Barras Date last seen Ejemplar Price effective from Forma de adquisición Tipo de material
    Dewey Decimal Classification   No para Préstamo General Inventariado 2017 Sala Fabio Quevedo Sala Fabio Quevedo 11/07/2014 Amazon 50000.00   LB-561.71 M47s 034304 11/07/2014 Ej. 1 11/07/2014   Libro